[Event "Scarborough CC-ch Reserves U1400"]
[Site "Toronto"]
[Date "2012.05.03"]
[Round "7"]
[White "Souchko, Larissa"]
[Black "Azizi, Hamid"]
[Result "0-1"]
[WhiteElo "1054"]
[BlackElo "1367"]
[PlyCount "48"]
[EventDate "2012.03.22"]
[EventType "swiss"]
[EventRounds "9"]
[EventCountry "CAN"]
[SourceTitle "EXT 2022"]
[Source "ChessBase"]
[SourceDate "2021.10.06"]
[SourceVersion "1"]
[SourceVersionDate "2021.10.06"]
[SourceQuality "1"]

1. e4 d5 2. d4 dxe4 3. Nc3 Bf5 4. Bc4 e6 5. Nge2 Bb4 6. 0-0 Nd7 7. Bb3 h6 8. a3 Bd6 9. Re1 Ngf6 10. h3 c6 11. Kh1 g5 12. Ng1 g4 13. Nce2 Qc7 14. g3 gxh3 15. Bf4 Bg4 16. Qd2 h5 17. Bxd6 Qxd6 18. Nf4 h4 19. Ngxh3 hxg3 20. Kg2 Bf3+ 21. Kf1 g2+ 22. Kg1 0-0-0 23. c3 Rxh3 24. Nxh3 Rh8 0-1

[Event "Scarborough CC Winter End U1400"]
[Site "Toronto"]
[Date "2012.02.16"]
[Round "1"]
[White "Souchko, Larissa"]
[Black "Mahoney, Sean"]
[Result "0-1"]
[WhiteElo "1110"]
[BlackElo "904"]
[PlyCount "48"]
[EventDate "2012.02.16"]
[EventType "swiss"]
[EventRounds "5"]
[EventCountry "CAN"]
[SourceTitle "EXT 2022"]
[Source "ChessBase"]
[SourceDate "2021.10.06"]
[SourceVersion "1"]
[SourceVersionDate "2021.10.06"]
[SourceQuality "1"]

1. e4 e5 2. Nf3 Nc6 3. d4 exd4 4. Nxd4 Ne5 5. f4 Ng6 6. Nc3 Nf6 7. Bc4 Bb4 8. a3 Bxc3+ 9. bxc3 d5 10. Bb3 Nxe4 11. Qe2 0-0 12. Nf3 Nxc3 13. Qd3 Ne4 14. Qd4 Be6 15. 0-0 Qd6 16. Bb2 Nf6 17. Ng5 h6 18. Nxe6 fxe6 19. Rfe1 c5 20. Qf2 c4 21. Ba2 Ng4 22. Qf3 Qb6+ 23. Kh1 Rxf4 24. Qg3 Raf8 0-1

[Event "Scarborough CC Frost U1400"]
[Site "Toronto"]
[Date "2012.01.12"]
[Round "2"]
[White "Souchko, Larissa"]
[Black "Deng, Yi"]
[Result "0-1"]
[WhiteElo "1132"]
[BlackElo "999"]
[PlyCount "41"]
[EventDate "2012.01.05"]
[EventType "swiss"]
[EventRounds "6"]
[EventCountry "CAN"]
[SourceTitle "EXT 2022"]
[Source "ChessBase"]
[SourceDate "2021.10.06"]
[SourceVersion "1"]
[SourceVersionDate "2021.10.06"]
[SourceQuality "1"]

1. e4 e5 2. Nf3 Nc6 3. Bc4 Bc5 4. d4 Nxd4 5. 0-0 Nf6 6. Ng5 0-0 7. Nc3 h6 8. Nf3 d6 9. h3 c6 10. Be3 b5 11. Bd3 Nxf3+ 12. Qxf3 Bxe3 13. Qxe3 d5 14. exd5 b4 15. Ne2 Qxd5 16. b3 e4 17. Bc4 Qh5 18. Ng3 Qg6 19. Rad1 Nh5 20. Nxh5 Qxh5 21. Rd2 0-1

[Event "Scarborough CC Spring Into Summer U1700"]
[Site "Toronto"]
[Date "2011.05.19"]
[Round "3"]
[White "Graham, John"]
[Black "Souchko, Larissa"]
[Result "1-0"]
[WhiteElo "1402"]
[BlackElo "1151"]
[PlyCount "101"]
[EventDate "2011.04.28"]
[EventType "swiss"]
[EventRounds "9"]
[EventCountry "CAN"]
[SourceTitle "EXT 2022"]
[Source "ChessBase"]
[SourceDate "2021.10.06"]
[SourceVersion "1"]
[SourceVersionDate "2021.10.06"]
[SourceQuality "1"]

1. e4 c5 2. Nc3 Nc6 3. Nf3 e5 4. Bc4 Nf6 5. 0-0 Nd4 6. d3 a6 7. a4 d6 8. Ng5 Be6 9. Nxe6 fxe6 10. Ne2 Nxe2+ 11. Qxe2 d5 12. exd5 exd5 13. Qxe5+ Be7 14. Bb3 Kf7 15. Re1 Re8 16. Qf5 Qd6 17. Bf4 g6 18. Bxd6 gxf5 19. Be5 Rad8 20. Re2 Bd6 21. f4 Bxe5 22. fxe5 Ng4 23. Rae1 Re6 24. h3 Nh6 25. c3 Kg6 26. a5 Nf7 27. Kh2 h5 28. d4 c4 29. Bc2 h4 30. Rf2 Nh6 31. Ref1 Rf8 32. Rf4 Kg5 33. Ba4 b5 34. axb6 Rxb6 35. Bd7 Rxb2 36. e6 Ng8 37. Rg4+ fxg4 38. Rxf8 g3+ 39. Kg1 Rb1+ 40. Rf1 Rxf1+ 41. Kxf1 Ne7 42. Ke2 Kf4 43. Be8 a5 44. Bd7 Ke4 45. Ba4 Kf5 46. Bd7 a4 47. Bxa4 Kxe6 48. Kf3 Kf5 49. Bd7+ Kg5 50. Be6 Ng6 51. Bxd5 1-0

[Event "Scarborough CC Spring Into Summer U1700"]
[Site "Toronto"]
[Date "2011.05.12"]
[Round "2"]
[White "Souchko, Larissa"]
[Black "Patel, Shivkumar H"]
[Result "1-0"]
[WhiteElo "1151"]
[BlackElo "865"]
[PlyCount "52"]
[EventDate "2011.04.28"]
[EventType "swiss"]
[EventRounds "9"]
[EventCountry "CAN"]
[SourceTitle "EXT 2022"]
[Source "ChessBase"]
[SourceDate "2021.10.06"]
[SourceVersion "1"]
[SourceVersionDate "2021.10.06"]
[SourceQuality "1"]

1. e4 d5 2. exd5 Qxd5 3. Nc3 Qe5+ 4. Qe2 Qd6 5. Nf3 Nc6 6. Ne4 Qh6 7. d3 Nb4 8. Bxh6 gxh6 9. c3 Nd5 10. Qd2 h5 11. d4 Bd7 12. Bc4 Bc6 13. 0-0 Nb6 14. Bb3 Bxe4 15. Bxf7+ Kxf7 16. Qf4+ Nf6 17. Ng5+ Kg6 18. Nxe4 Bh6 19. Qg3+ Kf5 20. Nxf6 Kxf6 21. Rfe1 Rhg8 22. Qe5+ Kf7 23. Qe6+ Kf8 24. Qxh6+ Rg7 25. Qxh5 Rf7 26. Qe5 Re8 1-0

[Event "Scarborough CC Falling Leaves U1700"]
[Site "Toronto"]
[Date "2009.11.05"]
[Round "1"]
[White "Xie, Peter"]
[Black "Souchko, Larissa"]
[Result "1-0"]
[WhiteElo "1514"]
[BlackElo "1248"]
[PlyCount "63"]
[EventDate "2009.11.05"]
[EventType "swiss"]
[EventRounds "7"]
[EventCountry "CAN"]
[SourceTitle "EXT 2011"]
[Source "ChessBase"]
[SourceDate "2010.11.26"]
[SourceVersion "1"]
[SourceVersionDate "2010.11.26"]
[SourceQuality "1"]

1. e4 c5 2. Nf3 d6 3. d4 b6 4. Bb5+ Bd7 5. Bxd7+ Nxd7 6. 0-0 Ngf6 7. Nc3 e5 8. d5 a6 9. a4 Be7 10. Ng5 0-0 11. f4 exf4 12. Bxf4 g6 13. Nf3 Nh5 14. Bh6 Re8 15. Qd2 Bf6 16. Ng5 Ne5 17. h3 Nc4 18. Qc1 Bd4+ 19. Kh2 Ra7 20. g4 Be5+ 21. Kg2 Nf6 22. b3 Na5 23. Qe3 Qc8 24. Qf3 Ree7 25. Rad1 Kh8 26. Qf2 Ng8 27. Qh4 f6 28. Ne2 Re8 29. Nf3 Nxh6 30. Qxh6 Nb7 31. Nxe5 fxe5 32. Rf7 1-0

[Event "Toronto Howard Ridout op"]
[Site "Toronto"]
[Date "2009.10.22"]
[Round "7"]
[White "Souchko, Larissa"]
[Black "Stewart, Frankie"]
[Result "0-1"]
[WhiteElo "1244"]
[BlackElo "1786"]
[PlyCount "60"]
[EventDate "2009.09.10"]
[EventType "swiss"]
[EventRounds "8"]
[EventCountry "CAN"]
[SourceTitle "EXT 2011"]
[Source "ChessBase"]
[SourceDate "2010.11.26"]
[SourceVersion "1"]
[SourceVersionDate "2010.11.26"]
[SourceQuality "1"]

1. e4 e5 2. Nf3 Nc6 3. Nc3 Nf6 4. Bc4 Be7 5. 0-0 d6 6. d3 Na5 7. b3 Nxc4 8. bxc4 0-0 9. h3 a6 10. Nh4 Nxe4 11. Nxe4 Bxh4 12. Be3 f5 13. Nc3 f4 14. Bd2 Qg5 15. Qf3 Rb8 16. Rab1 b6 17. Ne4 Qg6 18. c3 Bb7 19. Rbe1 Ba8 20. d4 exd4 21. cxd4 Rbe8 22. d5 b5 23. Bxf4 bxc4 24. g4 Bxd5 25. Nf6+ Qxf6 26. Qxd5+ Kh8 27. Rxe8 Rxe8 28. Qxc4 d5 29. Qa4 c6 30. Rd1 Re4 0-1

[Event "Scarborough CC Spring op U1700"]
[Site "Toronto"]
[Date "2009.05.21"]
[Round "4"]
[White "Kurkowski, Ken"]
[Black "Souchko, Larissa"]
[Result "1-0"]
[WhiteElo "1690"]
[BlackElo "1234"]
[PlyCount "55"]
[EventDate "2009.04.30"]
[EventType "swiss"]
[EventRounds "9"]
[EventCountry "CAN"]
[SourceTitle "EXT 2011"]
[Source "ChessBase"]
[SourceDate "2010.11.26"]
[SourceVersion "1"]
[SourceVersionDate "2010.11.26"]
[SourceQuality "1"]

1. e4 c5 2. c3 d6 3. d4 cxd4 4. cxd4 e6 5. Nf3 a6 6. Nc3 Bd7 7. Bd3 Nf6 8. Bg5 h6 9. Bh4 Be7 10. 0-0 0-0 11. e5 dxe5 12. dxe5 Nd5 13. Bxe7 Qxe7 14. Nxd5 exd5 15. Re1 Nc6 16. a3 Bg4 17. Be2 Rad8 18. Rc1 Bxf3 19. Bxf3 Nxe5 20. Bxd5 Qf6 21. Qb3 Rd7 22. Rcd1 Rfd8 23. Be4 b5 24. Rxd7 Rxd7 25. Qc3 g6 26. h3 h5 27. Bc2 Nc4 28. Qxf6 1-0